[Event "VIII Festival A"]
[Site "Trieste ITA"]
[Date "2006.09.02"]
[Round "1"]
[White "Capaliku, Aleks"]
[Black "Stocek, Jiri"]
[Result "0-1"]
[WhiteElo "2099"]
[BlackElo "2561"]
[PlyCount "72"]
[EventDate "2006.09.02"]

1. f4 d5 2. Nf3 Bg4 3. e3 e6 4. b3 Be7 5. Bb2 Bh4+ 6. g3 Bf6 7. d4 c5 8. h3
Bxf3 9. Qxf3 Nc6 10. c3 Nge7 11. Bd3 cxd4 12. exd4 Rc8 13. Nd2 g6 14. O-O Nf5
15. g4 Nd6 16. Rfe1 Kd7 17. Qe3 h5 18. Nf3 hxg4 19. hxg4 Kc7 20. Kg2 Kb8 21.
Rh1 Qa5 22. Rxh8 Rxh8 23. a4 Qc7 24. Ba3 Nc8 25. b4 Rh7 26. g5 Be7 27. Bb2 Nd6
28. Ne5 a5 29. b5 Nxe5 30. fxe5 Nc8 31. Rh1 Rxh1 32. Kxh1 Nb6 33. Bc2 Nc4 34.
Qc1 Qd8 35. Bb3 Bxg5 36. Qb1 Qh8+ 0-1

[Event "VIII Festival A"]
[Site "Trieste ITA"]
[Date "2006.09.02"]
[Round "1"]
[White "Castle, Kenneth D."]
[Black "Ramesa, Davor"]
[Result "0-1"]
[WhiteElo "1967"]
[BlackElo "2249"]
[PlyCount "94"]
[EventDate "2006.09.02"]

1. e4 c5 2. Nc3 d6 3. g3 b5 4. Bg2 Bb7 5. d3 e6 6. Qe2 Nc6 7. f4 Nd4 8. Qf2 Nf6
9. h3 d5 10. e5 Nd7 11. Nf3 Nxf3+ 12. Bxf3 Be7 13. O-O O-O 14. Bg4 Qb6 15. Bd2
f6 16. exf6 Bxf6 17. Rae1 Rfe8 18. Kh2 Rad8 19. Nd1 d4 20. Re2 Bd5 21. Qe1 Qc6
22. a3 c4 23. Nf2 g6 24. Ne4 Bxe4 25. dxe4 e5 26. f5 g5 27. Bb4 Nc5 28. Bxc5
Qxc5 29. Rd2 Rd6 30. Qf2 Qc6 31. Bf3 Red8 32. Rfd1 R8d7 33. Qe2 a5 34. Bg2 Qc5
35. g4 Kg7 36. Bf1 a4 37. Qf2 Qc6 38. Qe2 Bd8 39. Qf3 h6 40. Kg3 Kf6 41. h4 Kg7
42. h5 Kf6 43. Rc1 Ba5 44. Rdd1 Qc5 45. Qf2 c3 46. bxc3 Bxc3 47. Rb1 Rb7 0-1

[Event "VIII Festival A"]
[Site "Trieste ITA"]
[Date "2006.09.02"]
[Round "1"]
[White "Heikkila, Antti"]
[Black "Dzhumaev, Marat"]
[Result "0-1"]
[WhiteElo "2088"]
[BlackElo "2509"]
[PlyCount "30"]
[EventDate "2006.09.02"]

1. c4 f5 2. d4 Nf6 3. g3 g6 4. Bg2 Bg7 5. Nc3 O-O 6. Nf3 d6 7. O-O Qe8 8. Nb5
Na6 9. d5 c6 10. Nbd4 cxd5 11. cxd5 Nxd5 12. Nxf5 Rxf5 13. g4 Rxf3 14. exf3 Qf7
15. Re1 Bd7 0-1

[Event "VIII Festival A"]
[Site "Trieste ITA"]
[Date "2006.09.02"]
[Round "1"]
[White "Keetbaas, Herman"]
[Black "Efimov, Igor"]
[Result "0-1"]
[WhiteElo "2061"]
[BlackElo "2439"]
[PlyCount "56"]
[EventDate "2006.09.02"]

1. e4 c5 2. Nf3 e6 3. d4 cxd4 4. Nxd4 a6 5. Nc3 b5 6. Bd3 Ne7 7. Bg5 Nbc6 8.
Nxc6 dxc6 9. Qd2 Qc7 10. O-O Ng6 11. Be3 e5 12. a4 b4 13. Ne2 Be7 14. a5 O-O
15. f4 exf4 16. Nxf4 Ne5 17. Be2 Bb7 18. Bb6 Qc8 19. Rad1 Re8 20. Qd4 Qb8 21.
Nh5 Bc8 22. Bc4 Bf8 23. Rxf7 Nxf7 24. Bc5 Bxc5 25. Qxc5 Qa7 26. Qxa7 Rxa7 27.
Rd6 Rd7 28. Rxc6 Bb7 0-1

[Event "VIII Festival A"]
[Site "Trieste ITA"]
[Date "2006.09.02"]
[Round "1"]
[White "Koster, Willem S."]
[Black "Plani, Andrea"]
[Result "1/2-1/2"]
[WhiteElo "2202"]
[BlackElo "1896"]
[PlyCount "77"]
[EventDate "2006.09.02"]

1. e4 c5 2. d4 cxd4 3. c3 d3 4. c4 Nc6 5. Bxd3 Nf6 6. Nf3 e6 7. O-O Qc7 8. Nc3
a6 9. a3 Be7 10. b4 O-O 11. Qe2 Ng4 12. g3 Bf6 13. Bf4 Nge5 14. Rac1 Nxf3+ 15.
Qxf3 Ne5 16. Qe2 b6 17. Be3 Nxd3 18. Qxd3 Bb7 19. Na4 Qe5 20. f3 d5 21. cxd5
exd5 22. f4 Qxe4 23. Qxe4 dxe4 24. Nxb6 Rad8 25. Rc7 Bc8 26. f5 Be5 27. Rxc8
Rxc8 28. Nxc8 Rxc8 29. Bc5 Re8 30. Kf2 g6 31. Ke3 Kg7 32. a4 h5 33. fxg6 Kxg6
34. Rd1 Re6 35. Rd7 h4 36. Re7 Rxe7 37. Bxe7 hxg3 38. hxg3 f5 39. g4 1/2-1/2

[Event "VIII Festival A"]
[Site "Trieste ITA"]
[Date "2006.09.02"]
[Round "1"]
[White "Medancic, Rikard"]
[Black "Stantic, Severino"]
[Result "1-0"]
[WhiteElo "2265"]
[BlackElo "2051"]
[PlyCount "53"]
[EventDate "2006.09.02"]

1. d4 Nf6 2. Nf3 e6 3. Bg5 d5 4. e3 c5 5. c3 Nbd7 6. Nbd2 Be7 7. Bd3 O-O 8. Ne5
h6 9. Bh4 Nxe5 10. dxe5 Nd7 11. Bg3 b6 12. Qh5 Re8 13. h4 Nf8 14. Bf4 f6 15.
Nf3 fxe5 16. Nxe5 Bd7 17. Bxh6 Bf6 18. Rh3 Re7 19. Bf4 Be8 20. Qg4 a6 21. h5
Rb7 22. h6 Raa7 23. O-O-O b5 24. Rdh1 Bxe5 25. Bxe5 g6 26. h7+ Rxh7 27. Rxh7
1-0

[Event "VIII Festival A"]
[Site "Trieste ITA"]
[Date "2006.09.02"]
[Round "1"]
[White "Miele, Roberto"]
[Black "Van der Plas, Robert"]
[Result "1-0"]
[WhiteElo "1870"]
[BlackElo "2198"]
[PlyCount "121"]
[EventDate "2006.09.02"]

1. e4 e6 2. d4 d5 3. e5 c5 4. c3 Bd7 5. Nf3 Nc6 6. Bd3 Rc8 7. O-O cxd4 8. cxd4
Nb4 9. Nc3 Nxd3 10. Qxd3 Qb6 11. Bd2 Ne7 12. Rac1 Ng6 13. Na4 Qd8 14. Rxc8 Qxc8
15. Rc1 Bc6 16. Nc5 Bxc5 17. Rxc5 Qd7 18. Qc2 O-O 19. h4 f6 20. h5 Nh8 21. exf6
gxf6 22. Bh6 Rd8 23. Rc3 Qe8 24. Ne5 fxe5 25. Rg3+ Ng6 26. hxg6 hxg6 27. Rxg6+
Kf7 28. Rg7+ Kf6 29. Qh7 exd4 30. Bg5+ Ke5 31. Qh2+ Ke4 32. Qf4+ Kd3 33. b3 e5
34. Qf3+ Kc2 35. Qe2+ Kb1 36. Qe1+ Kxa2 37. Qa5+ Kxb3 38. Bxd8 d3 39. Be7 Qh5
40. Qa3+ Kc2 41. Qa2+ Kc3 42. Qa1+ Kc2 43. Rg3 e4 44. Qa2+ Kc3 45. Bf6+ Kb4 46.
Qb2+ Kc4 47. Qc3+ Kb5 48. Qb3+ Ka6 49. Bd4 Qe2 50. Qa3+ Kb5 51. Qc5+ Ka4 52.
Qxa7+ Kb3 53. Qb6+ Kc2 54. Qb2+ Kd1 55. Qb1+ Kd2 56. Be3+ Kc3 57. Qa1+ Kc2 58.
Qc1+ Kb3 59. Bd2 Ka2 60. Re3 Qg4 61. Bc3 1-0

[Event "VIII Festival A"]
[Site "Trieste ITA"]
[Date "2006.09.02"]
[Round "1"]
[White "Pavasovic, Dusko"]
[Black "Bosiocic, Marko"]
[Result "1-0"]
[WhiteElo "2564"]
[BlackElo "2104"]
[PlyCount "45"]
[EventDate "2006.09.02"]

1. e4 e5 2. Nf3 Nc6 3. d4 exd4 4. Nxd4 Qf6 5. Be3 Bc5 6. c3 Nge7 7. Bc4 O-O 8.
O-O Ne5 9. Be2 Qg6 10. Nd2 d5 11. Bh5 Qf6 12. f4 Nc4 13. Nxc4 dxc4 14. Qe2 b5
15. Nxb5 Bxe3+ 16. Qxe3 Rb8 17. Na3 Qc6 18. Rf2 Ba6 19. Rd1 Rb6 20. Rfd2 g6 21.
Bf3 Qe6 22. Qc5 Rc6 23. Qxa7 1-0

[Event "VIII Festival A"]
[Site "Trieste ITA"]
[Date "2006.09.02"]
[Round "1"]
[White "Pelosin, Matteo"]
[Black "Spaan, Nathanael"]
[Result "0-1"]
[WhiteElo "1798"]
[BlackElo "2185"]
[PlyCount "118"]
[EventDate "2006.09.02"]

1. e4 c5 2. c3 d5 3. exd5 Qxd5 4. d4 Nf6 5. Nf3 Bg4 6. Be2 e6 7. Be3 cxd4 8.
Qxd4 Nc6 9. Qa4 Be7 10. Na3 O-O 11. O-O Rfd8 12. h3 Bh5 13. b4 h6 14. g4 Bg6
15. Rfd1 Qe4 16. Nd2 Rxd2 17. Rxd2 Ne5 18. Qd1 Qc6 19. Bd4 Ned7 20. Bb5 Qc7 21.
Bxd7 Nxd7 22. Bxg7 Nb6 23. Bd4 Nd5 24. Qf3 Bg5 25. Rdd1 Nf4 26. Nb5 Qc4 27. Nd6
Qe2 28. Qxe2 Nxe2+ 29. Kf1 Nf4 30. Be3 Nxh3 31. Bxg5 hxg5 32. Nxb7 Nf4 33. Rd7
Kg7 34. Rad1 Rh8 35. Ke1 Rh1+ 36. Kd2 Rh2 37. Rf1 Be4 38. Nc5 Bg2 39. Re1 Bc6
40. Rd6 Rxf2+ 41. Kc1 Bd5 42. c4 Bxc4 43. Rd2 Rf3 44. a4 Bd5 45. b5 Rc3+ 46.
Rc2 Rxc5 47. Rxc5 Nd3+ 48. Kc2 Nxc5 49. a5 Nb3 50. b6 axb6 51. axb6 Nc5 52. Ra1
Nb7 53. Kc3 f5 54. gxf5 exf5 55. Kd4 Be4 56. Ke5 Kg6 57. Ke6 g4 58. Kd7 g3 59.
Re1 g2 0-1

[Event "VIII Festival A"]
[Site "Trieste ITA"]
[Date "2006.09.02"]
[Round "1"]
[White "Rombaldoni, Axel"]
[Black "Van Dongen, Leo"]
[Result "1-0"]
[WhiteElo "2169"]
[BlackElo "1854"]
[PlyCount "91"]
[EventDate "2006.09.02"]

1. e4 e5 2. Nf3 Nc6 3. Bb5 a6 4. Ba4 Nf6 5. d3 b5 6. Bb3 Bc5 7. c3 d6 8. h3 O-O
9. O-O Ne7 10. d4 exd4 11. cxd4 Bb6 12. Bg5 Ng6 13. Qc2 h6 14. e5 hxg5 15. Qxg6
Nh7 16. Qe4 Bd7 17. e6 fxe6 18. Bxe6+ Kh8 19. Bxd7 Qxd7 20. Nbd2 Rae8 21. Qg4
Qxg4 22. hxg4 Re2 23. Rfe1 Rfe8 24. Rxe2 Rxe2 25. Kf1 Re7 26. a4 Nf6 27. axb5
axb5 28. Nb3 g6 29. Re1 Rxe1+ 30. Kxe1 Nxg4 31. Nxg5 Kg7 32. Ne4 Kf7 33. Nc3 c6
34. Ke2 Ke7 35. f3 Nh6 36. d5 Kd7 37. g4 Ng8 38. f4 Bg1 39. Kf3 Ba7 40. Na5 c5
41. Nxb5 Bb6 42. Nc4 Bc7 43. Ne3 Ba5 44. g5 Ke7 45. Ke4 Kd7 46. Nxd6 1-0

[Event "VIII Festival A"]
[Site "Trieste ITA"]
[Date "2006.09.02"]
[Round "1"]
[White "Skok, Joze"]
[Black "Omerzel, Nikola"]
[Result "1-0"]
[WhiteElo "2110"]
[BlackElo "1789"]
[PlyCount "106"]
[EventDate "2006.09.02"]

1. e4 e5 2. Nf3 Nc6 3. Bb5 a6 4. Ba4 Nf6 5. d4 exd4 6. O-O Be7 7. Re1 b5 8. Bb3
d6 9. Bd5 Nxd5 10. exd5 Ne5 11. Nxd4 Bd7 12. Nc3 O-O 13. h3 f5 14. f4 Ng6 15.
Ne6 Bxe6 16. Rxe6 Bh4 17. Qf3 Qd7 18. Bd2 Rae8 19. g3 Bf6 20. Rae1 Qc8 21. a3
Re7 22. Qd3 Rxe6 23. dxe6 Ne7 24. Nd5 Qb7 25. Nxe7+ Bxe7 26. Bc3 Qc6 27. Re2 g6
28. Kh2 Qb6 29. Bd4 Qc6 30. Bc3 Qb7 31. h4 Qb6 32. h5 c5 33. h6 Qc6 34. Bg7 Re8
35. Qc3 d5 36. Bh8 d4 37. Bxd4 Bf8 38. Bg7 Rxe6 39. Rxe6 Qxe6 40. Bxf8 Qe2+ 41.
Kg1 Kxf8 42. Qg7+ Ke8 43. Qxh7 Kd8 44. Qg8+ Ke7 45. Qg7+ Kd8 46. Qf6+ Kc8 47.
Qxa6+ Kc7 48. Qa7+ Kc6 49. Qa6+ Kc7 50. Qa7+ Kc6 51. Qa8+ Kb6 52. Qd8+ Kb7 53.
Qd5+ Kb8 1-0

[Event "VIII Festival A"]
[Site "Trieste ITA"]
[Date "2006.09.02"]
[Round "1"]
[White "Tonel, Giulia"]
[Black "Mocchi, Tullio"]
[Result "0-1"]
[WhiteElo "1905"]
[BlackElo "2243"]
[PlyCount "182"]
[EventDate "2006.09.02"]

1. e4 c6 2. d4 d5 3. Nd2 dxe4 4. Nxe4 Nd7 5. Nf3 Ngf6 6. Ng3 e6 7. Bd3 c5 8.
O-O Be7 9. c3 O-O 10. Re1 b6 11. Ng5 Bb7 12. Bc4 Bd5 13. Bxd5 Nxd5 14. N3e4
cxd4 15. Qxd4 N7f6 16. a3 Nxe4 17. Nxe4 Nf6 18. Qe5 Nxe4 19. Qxe4 Qd7 20. Be3
Rfd8 21. Bd4 Qd5 22. Qe2 Qb3 23. Rad1 b5 24. h4 Rd5 25. g3 Rad8 26. Rd2 e5 27.
Red1 Qc4 28. Qe3 a6 29. Bxe5 f6 30. Bd4 Kf7 31. Re1 R8d7 32. Rde2 Qc6 33. Qe4
Kg8 34. Qg4 Bf8 35. Re8 Rd8 36. Rxd8 Rxd8 37. Re6 Qd7 38. Qe2 Bd6 39. Kg2 Kf7
40. Re3 Qc6+ 41. Kh2 Qd5 42. Qg4 h5 43. Qe2 Rd7 44. Re4 Re7 45. Rxe7+ Bxe7 46.
Kg1 g6 47. Qe3 Qe6 48. Qd2 Qe4 49. Be3 Ke6 50. Kf1 Qd5 51. Ke2 Qb3 52. Bf4 a5
53. f3 a4 54. Kf2 Bc5+ 55. Kg2 Qc4 56. Be3 Be7 57. Bf4 Qd5 58. Qe3+ Kf7 59. Qe2
Qb3 60. Qd2 Qa2 61. Be3 Qc4 62. Bf4 Ke8 63. Qd1 Qb3 64. Qd2 Kf7 65. Be3 Ke6 66.
Bf4 Qd5 67. Qe3+ Kd7 68. Qa7+ Ke8 69. Qe3 Kf8 70. Qe2 g5 71. hxg5 fxg5 72. Be5
Kf7 73. Bd4 Qb3 74. Kh3 Qe6+ 75. Qxe6+ Kxe6 76. c4 bxc4 77. Kg2 Bf6 78. Bc3
Bxc3 79. bxc3 Kf6 80. Kf2 Ke5 81. Kg2 Kf5 82. Kf2 Ke6 83. Kg2 Ke5 84. Kf2 Kf5
85. Kg2 Kf6 86. Kf2 Kg7 87. Kg2 Kf6 88. Kf2 h4 89. f4 h3 90. Kg1 gxf4 91. gxf4
Kf5 0-1

[Event "VIII Festival A"]
[Site "Trieste ITA"]
[Date "2006.09.02"]
[Round "1"]
[White "Varini, Massimo"]
[Black "Fucak, Emilijo"]
[Result "0-1"]
[WhiteElo "2053"]
[BlackElo "2311"]
[PlyCount "36"]
[EventDate "2006.09.02"]

1. e4 e6 2. d4 d5 3. e5 b6 4. c3 Qd7 5. b4 Ba6 6. Ne2 c5 7. a3 Nc6 8. h4 f6 9.
f4 Nh6 10. Ng3 Bxf1 11. Rxf1 f5 12. Be3 Ng4 13. Qe2 Be7 14. Rh1 O-O 15. Nd2
Rfc8 16. b5 Na5 17. a4 Rc7 18. h5 Rac8 0-1

[Event "VIII Festival A"]
[Site "Trieste ITA"]
[Date "2006.09.02"]
[Round "1"]
[White "Vitri, Sergio"]
[Black "Korneev, Oleg"]
[Result "0-1"]
[WhiteElo "2105"]
[BlackElo "2638"]
[PlyCount "72"]
[EventDate "2006.09.02"]

1. d4 d5 2. c4 e6 3. Nc3 c6 4. cxd5 exd5 5. Qc2 Bd6 6. Nf3 Ne7 7. Bg5 f6 8. Bh4
Bf5 9. Qd2 Nd7 10. e3 O-O 11. Bd3 Nb6 12. b3 Qd7 13. Bg3 Nbc8 14. O-O Bxg3 15.
hxg3 Nd6 16. Rfe1 Qe6 17. Qc2 Bxd3 18. Qxd3 Ne4 19. Rac1 f5 20. b4 Rf6 21. Ne2
Rh6 22. Nf4 Qd6 23. Qc2 g5 24. Nd3 Qg6 25. Red1 Qh5 26. Kf1 Qh1+ 27. Ng1 Rh2
28. Ne1 f4 29. exf4 Rf8 30. Rd3 gxf4 31. g4 Ng6 32. Rh3 Rxh3 33. gxh3 Ng3+ 34.
fxg3 fxg3+ 35. Ke2 Rf2+ 36. Kd3 Qxg1 0-1

[Event "VIII Festival A"]
[Site "Trieste ITA"]
[Date "2006.09.02"]
[Round "1"]
[White "Znidarcic, Andrej"]
[Black "Brunello, Roberta"]
[Result "1/2-1/2"]
[WhiteElo "2193"]
[BlackElo "1863"]
[PlyCount "20"]
[EventDate "2006.09.02"]

1. e4 e5 2. Nf3 Nc6 3. Bc4 Bc5 4. O-O Nf6 5. c3 Nxe4 6. d3 Nf6 7. d4 exd4 8.
cxd4 d5 9. dxc5 dxc4 10. Qa4 O-O 1/2-1/2

[Event "VIII Festival A"]
[Site "Trieste ITA"]
[Date "2006.09.03"]
[Round "2"]
[White "Bosiocic, Marko"]
[Black "Varini, Massimo"]
[Result "1-0"]
[WhiteElo "2104"]
[BlackElo "2053"]
[PlyCount "55"]
[EventDate "2006.09.02"]

1. d4 Nf6 2. Nf3 e6 3. e3 b6 4. Bd3 Bb7 5. O-O d5 6. b3 Bd6 7. c4 O-O 8. Bb2
Nbd7 9. Nc3 a6 10. Ne2 Qe7 11. Ng3 Ne4 12. cxd5 Nxg3 13. hxg3 exd5 14. Nh4 g6
15. Rc1 Nf6 16. Nf3 Ne4 17. Ne5 f6 18. Bxe4 fxe5 19. Bxd5+ Bxd5 20. dxe5 Bb7
21. exd6 Qe4 22. f3 Qxe3+ 23. Rf2 cxd6 24. Rc7 Rf7 25. Rxb7 Rxb7 26. Qd5+ Kf8
27. Qxb7 Qe1+ 28. Kh2 1-0

[Event "VIII Festival A"]
[Site "Trieste ITA"]
[Date "2006.09.03"]
[Round "2"]
[White "Brunello, Roberta"]
[Black "Rombaldoni, Denis"]
[Result "0-1"]
[WhiteElo "1863"]
[BlackElo "2348"]
[PlyCount "98"]
[EventDate "2006.09.02"]

1. e4 g6 2. d4 c6 3. Nf3 Bg7 4. Nc3 d5 5. h3 Nh6 6. Bd3 dxe4 7. Nxe4 Nf5 8. c3
O-O 9. Bf4 b6 10. O-O Bb7 11. Re1 Na6 12. Qc2 Nc7 13. Ned2 Nd5 14. Bh2 e6 15.
Nf1 Bh6 16. Ne5 Rc8 17. Ng4 Bf4 18. Bxf4 Nxf4 19. Be4 Nd6 20. Bf3 h5 21. Ne5
Qg5 22. Kh2 f6 23. Nd3 Qf5 24. Rad1 Ba6 25. Be2 h4 26. Ne3 Bxd3 27. Bxd3 Qg5
28. Bf1 Kf7 29. Ng4 Rh8 30. Qd2 Rh5 31. b3 Nd5 32. Qxg5 Rxg5 33. Rd3 b5 34. Rf3
f5 35. Ne5+ Kg7 36. c4 Nf6 37. Rc3 Nfe4 38. Rc2 bxc4 39. Bxc4 Nxc4 40. Rxc4
Nxf2 41. Rxc6 Rxc6 42. Nxc6 Kf6 43. Nxa7 Rg3 44. Rb1 g5 45. Nc6 Rc3 46. Ne5 g4
47. hxg4 fxg4 48. a4 Rc2 49. g3 Nh3+ 0-1

[Event "VIII Festival A"]
[Site "Trieste ITA"]
[Date "2006.09.03"]
[Round "2"]
[White "Cadelli, Luciano"]
[Black "Castle, Kenneth D."]
[Result "1-0"]
[WhiteElo "2088"]
[BlackElo "1967"]
[PlyCount "39"]
[EventDate "2006.09.02"]

1. d4 Nf6 2. c4 e6 3. Nc3 Bb4 4. Qc2 b6 5. e4 Bb7 6. f3 d5 7. cxd5 Bxc3+ 8.
bxc3 exd5 9. e5 Nfd7 10. Bd3 c5 11. Ne2 g6 12. e6 fxe6 13. Bxg6+ hxg6 14. Qxg6+
Kf8 15. Bh6+ Rxh6 16. Qxh6+ Ke7 17. Nf4 Qg8 18. O-O Nf8 19. Rfe1 Kd7 20. Re5
1-0

[Event "VIII Festival A"]
[Site "Trieste ITA"]
[Date "2006.09.03"]
[Round "2"]
[White "Cozzarin, Davide"]
[Black "Pelosin, Matteo"]
[Result "1/2-1/2"]
[WhiteElo "2062"]
[BlackElo "1798"]
[PlyCount "60"]
[EventDate "2006.09.02"]

1. d4 e6 2. c4 Nf6 3. Bg5 d5 4. Nc3 Nbd7 5. e3 Be7 6. Qc2 O-O 7. cxd5 Nxd5 8.
Nxd5 Bxg5 9. Nxc7 Rb8 10. Nb5 a6 11. Nc3 b5 12. Bd3 f5 13. Nf3 Be7 14. O-O Bb7
15. Be2 g5 16. Qb3 Qb6 17. Nd2 g4 18. e4 Bg5 19. Rad1 Rbe8 20. exf5 Bxd2 21.
Rxd2 b4 22. Na4 Qc6 23. d5 exd5 24. Bxg4 Ne5 25. Bh5 Nc4 26. Rc2 Re7 27. Qxb4
Rg7 28. Bf3 Rxf5 29. Rxc4 Qxc4 30. Qxc4 dxc4 1/2-1/2

[Event "VIII Festival A"]
[Site "Trieste ITA"]
[Date "2006.09.03"]
[Round "2"]
[White "Decleva, Gianni"]
[Black "Heikkila, Antti"]
[Result "0-1"]
[WhiteElo "1895"]
[BlackElo "2088"]
[PlyCount "84"]
[EventDate "2006.09.02"]

1. e4 c5 2. Nf3 g6 3. Bc4 Bg7 4. c3 Qc7 5. d3 Nc6 6. Bb3 Nf6 7. Be3 b6 8. Qd2
Ba6 9. h3 O-O 10. O-O Rad8 11. Rd1 d5 12. exd5 Nxd5 13. Bh6 Na5 14. Bxg7 Kxg7
15. d4 Nf4 16. Qe3 Be2 17. Re1 Bxf3 18. Qxf3 cxd4 19. cxd4 Nc6 20. Qc3 f6 21.
Ba4 Rd6 22. Na3 Nd5 23. Qc4 Qb7 24. Nb5 Rdd8 25. Nc3 Na5 26. Qe2 Rf7 27. Rac1
Nf4 28. Qe4 Rxd4 29. Qxb7 Nxb7 30. Bc2 Nc5 31. Rcd1 e5 32. Nb5 Rb4 33. g3 Nxh3+
34. Kg2 Rxb5 35. Kxh3 Rxb2 36. Bb1 Rxf2 37. Rd8 Rd7 38. Rxd7+ Nxd7 39. Rc1 Nc5
40. Rd1 h5 41. Rd8 Rb2 42. Bd3 Rd2 0-1

[Event "VIII Festival A"]
[Site "Trieste ITA"]
[Date "2006.09.03"]
[Round "2"]
[White "Dzhumaev, Marat"]
[Black "Skok, Joze"]
[Result "1-0"]
[WhiteElo "2509"]
[BlackElo "2110"]
[PlyCount "79"]
[EventDate "2006.09.02"]

1. e4 c6 2. d4 d5 3. exd5 cxd5 4. Bd3 Nc6 5. c3 Nf6 6. h3 g6 7. Nf3 Bg7 8. O-O
O-O 9. Re1 Bf5 10. Bb5 Qc7 11. Nbd2 Rfe8 12. Nb3 Ne4 13. Be3 Rac8 14. Nc5 Nxc5
15. dxc5 Red8 16. Qa4 a6 17. Bf1 Bf6 18. Rad1 e5 19. Bg5 Bxg5 20. Nxg5 Kg7 21.
Nf3 e4 22. Nd4 Qa5 23. Qb3 Nxd4 24. cxd4 Rd7 25. a3 Rc6 26. Qg3 Qc7 27. Qc3 Qf4
28. b4 Rf6 29. Qe3 Qxe3 30. fxe3 Rc7 31. a4 b6 32. Ra1 Bd7 33. Rec1 bxc5 34.
Rxc5 Rxc5 35. bxc5 Rc6 36. Rb1 Bc8 37. a5 Kf8 38. Rb6 Rc7 39. Bxa6 Be6 40. Bb7
1-0

[Event "VIII Festival A"]
[Site "Trieste ITA"]
[Date "2006.09.03"]
[Round "2"]
[White "Efimov, Igor"]
[Black "Grobovsek, Ivan"]
[Result "1-0"]
[WhiteElo "2439"]
[BlackElo "1950"]
[PlyCount "125"]
[EventDate "2006.09.02"]

1. d4 Nf6 2. c4 d6 3. Nf3 g6 4. Nc3 Bg7 5. Bg5 Nbd7 6. e3 c6 7. Be2 Qa5 8. O-O
O-O 9. a3 e5 10. b4 Qc7 11. Rc1 h6 12. Bh4 g5 13. dxe5 dxe5 14. Bg3 Nh5 15. c5
Nxg3 16. hxg3 Nf6 17. Bc4 Bg4 18. Qc2 Rad8 19. Nd2 Qc8 20. Qa2 b5 21. cxb6 axb6
22. f3 b5 23. Bb3 Bh5 24. Nde4 Rd3 25. Nxf6+ Bxf6 26. Nxb5 Rxe3 27. Nd6 Qa6 28.
Nf5 Re2 29. Qb1 Bg6 30. Kh2 Qxa3 31. Qd3 Qb2 32. Bc2 Rxc2 33. Rxc2 Qxb4 34.
Rxc6 Rd8 35. Nxh6+ Kg7 36. Qa6 Rh8 37. Rxf6 Rxh6+ 38. Kg1 Bd3 39. Rxh6 Bxa6 40.
Rxa6 Qd4+ 41. Kh2 Qd3 42. Raa1 Qd6 43. Rfe1 Qh6+ 44. Kg1 Qb6+ 45. Kf1 Qb5+ 46.
Re2 Kg6 47. g4 f6 48. Rd1 Qa6 49. Rd7 Qc4 50. Rdd2 Qb5 51. Rc2 Qd3 52. Kg1 Qd4+
53. Kh2 Qd8 54. Rc6 Qh8+ 55. Kg1 Qb8 56. Rd2 Qa7+ 57. Kf1 Qe3 58. Rdd6 Qf4 59.
Rxf6+ Qxf6 60. Rxf6+ Kxf6 61. Ke2 Ke6 62. Ke3 Kd5 63. Kd3 1-0

[Event "VIII Festival A"]
[Site "Trieste ITA"]
[Date "2006.09.03"]
[Round "2"]
[White "Fantini, Marco"]
[Black "Koster, Willem S."]
[Result "1/2-1/2"]
[WhiteElo "2053"]
[BlackElo "2202"]
[PlyCount "96"]
[EventDate "2006.09.02"]

1. d4 d5 2. Nc3 Nf6 3. Bg5 Bf5 4. e3 c6 5. Bd3 Bxd3 6. cxd3 Nbd7 7. Nf3 e6 8.
O-O Be7 9. Ne5 O-O 10. f4 c5 11. dxc5 Nxc5 12. Bxf6 Bxf6 13. d4 Nd7 14. Ne2 g6
15. Rf3 Bg7 16. Nc1 Nf6 17. Ncd3 Ne4 18. Nf2 Rc8 19. Nxe4 dxe4 20. Rf2 f6 21.
Qb3 fxe5 22. Qxe6+ Kh8 23. dxe5 Qd3 24. Re1 Rfd8 25. g4 Rc6 26. Qe7 Bf8 27.
Qxb7 Qd7 28. Qxd7 Rxd7 29. f5 Bb4 30. Ree2 Kg7 31. Rf4 Rd5 32. Rxe4 Ba5 33. b4
Bc7 34. e6 Be5 35. Rf2 gxf5 36. gxf5 Kf8 37. Kg2 Bf6 38. Kg3 Rc1 39. a4 Ke7 40.
b5 Rg1+ 41. Kh3 Rg5 42. Ref4 Rd3 43. Re4 h6 44. Rc2 Rxf5 45. Rc7+ Ke8 46. Rxa7
Rd1 47. Ra8+ Ke7 48. Ra7+ Ke8 1/2-1/2

[Event "VIII Festival A"]
[Site "Trieste ITA"]
[Date "2006.09.03"]
[Round "2"]
[White "Fucak, Emilijo"]
[Black "Pavasovic, Dusko"]
[Result "0-1"]
[WhiteElo "2311"]
[BlackElo "2564"]
[PlyCount "40"]
[EventDate "2006.09.02"]

1. c4 e6 2. Nf3 d5 3. e3 Nf6 4. b3 c5 5. Be2 Nc6 6. cxd5 exd5 7. d4 cxd4 8.
Nxd4 Bb4+ 9. Bd2 Bxd2+ 10. Qxd2 Ne4 11. Qb2 Qg5 12. Kf1 Qf6 13. Bf3 O-O 14. Nd2
Nxd4 15. exd4 Bf5 16. Re1 Nc5 17. Qa1 Nd3 18. Rd1 Rac8 19. Bxd5 Nxf2 20. Kxf2
Be4+ 0-1

[Event "VIII Festival A"]
[Site "Trieste ITA"]
[Date "2006.09.03"]
[Round "2"]
[White "Korneev, Oleg"]
[Black "Medancic, Rikard"]
[Result "1-0"]
[WhiteElo "2638"]
[BlackElo "2265"]
[PlyCount "64"]
[EventDate "2006.09.02"]

1. e4 c5 2. Nf3 d6 3. d4 cxd4 4. Nxd4 Nf6 5. Nc3 a6 6. Be3 e5 7. Nb3 Be6 8. f3
Nbd7 9. Qd2 Be7 10. O-O-O b5 11. g4 Nb6 12. Qf2 Nfd7 13. Kb1 O-O 14. h4 Qc7 15.
Nd5 Bxd5 16. exd5 Nc4 17. g5 a5 18. Bc1 Rfc8 19. Bd3 Ndb6 20. Bf5 Na4 21. Nd2
Nxd2+ 22. Qxd2 Rcb8 23. h5 b4 24. Ka1 Nc5 25. Rdg1 a4 26. g6 Nb3+ 27. cxb3 axb3
28. gxf7+ Kf8 29. a3 e4 30. h6 g5 31. Qd4 Kxf7 32. Rxg5 Ke8 1-0

[Event "VIII Festival A"]
[Site "Trieste ITA"]
[Date "2006.09.03"]
[Round "2"]
[White "Mazi, Leon"]
[Black "Miele, Roberto"]
[Result "1-0"]
[WhiteElo "2350"]
[BlackElo "1870"]
[PlyCount "130"]
[EventDate "2006.09.02"]

1. e4 e5 2. Nf3 Nc6 3. Bb5 a6 4. Ba4 Nf6 5. Bxc6 dxc6 6. d3 Bd6 7. Nbd2 Qe7 8.
Nc4 Bg4 9. h3 Bh5 10. Bd2 b5 11. Ne3 Bg6 12. Nh4 Bc5 13. Nhf5 Qf8 14. Qf3 Bxe3
15. Nxe3 Qd6 16. Nf5 Bxf5 17. Qxf5 O-O 18. f4 Rfe8 19. Bc3 Nd7 20. O-O f6 21.
Rad1 b4 22. Be1 c5 23. Rf3 Qe6 24. fxe5 Qxf5 25. Rxf5 Rxe5 26. Rf1 Re7 27. a3
a5 28. Ra1 Ree8 29. Rf5 c6 30. Bg3 Ne5 31. axb4 cxb4 32. b3 c5 33. Kf2 Re6 34.
Ke3 g6 35. Rff1 Nc6 36. Kd2 Nd4 37. Bf2 Kg7 38. Be3 g5 39. Ra4 Re7 40. Rf2 h6
41. Ke1 Rd7 42. Bxd4 cxd4 43. Rf5 Rc8 44. Rfxa5 Rdc7 45. Ra7 f5 46. Rxc7+ Rxc7
47. exf5 Kf6 48. Rxb4 Ke5 49. Kd2 Rd7 50. c3 dxc3+ 51. Kxc3 Kxf5 52. g4+ Ke5
53. Re4+ Kf6 54. b4 Rc7+ 55. Rc4 Re7 56. b5 Rb7 57. Kb4 Ke5 58. Rc6 Kd4 59. b6
Kxd3 60. Rxh6 Re7 61. Kc5 Ke3 62. Kc6 Kf4 63. b7 Re8 64. Kc7 Re7+ 65. Kb6 Ke5
1-0

[Event "VIII Festival A"]
[Site "Trieste ITA"]
[Date "2006.09.03"]
[Round "2"]
[White "Mocchi, Tullio"]
[Black "Tratar, Marko"]
[Result "0-1"]
[WhiteElo "2243"]
[BlackElo "2503"]
[PlyCount "102"]
[EventDate "2006.09.02"]

1. e4 c5 2. Nf3 d6 3. c3 Nf6 4. h3 Nc6 5. Bd3 d5 6. e5 Nd7 7. Bb5 Qb6 8. a4 c4
9. d4 cxd3 10. O-O e6 11. Be3 Qc7 12. Bf4 a6 13. Bxc6 bxc6 14. Qxd3 a5 15. Re1
Ba6 16. Qc2 h6 17. h4 c5 18. Nbd2 c4 19. Be3 Rb8 20. Bd4 Nc5 21. Bxc5 Bxc5 22.
Nf1 Qb6 23. Re2 Bc8 24. Ng3 Qb3 25. Qd2 Bd7 26. Nh5 Kf8 27. Qf4 Qb6 28. Qg4 Rg8
29. Qf4 Qd8 30. g4 Rb6 31. Kh2 Be8 32. Rg1 Rh8 33. Ra1 Be7 34. Kh3 Kg8 35. Rd2
Rh7 36. Qe3 Qb8 37. Ra2 f5 38. exf6 gxf6 39. Nf4 Bd7 40. Re2 Qc7 41. Ra1 Bc5
42. Qd2 Rxb2 43. Qxb2 Qxf4 44. Nh2 Bd6 45. Rh1 h5 46. Kg2 hxg4 47. Qb6 Bc7 48.
Qe3 Qxe3 49. fxe3 Rxh4 50. Nf1 Rxh1 51. Kxh1 Bxa4 0-1